|
|
|
|
| LEADER |
00000nam a22000007a 4500 |
| 005 |
2021091008298.0 |
| 007 |
cr|||| |||| |
| 008 |
210910s2020 co |||||s|||| 00||0 spa d |
| 020 |
|
|
|a 978-958-9348-92-5
|
| 035 |
|
|
|a 35051
|
| 040 |
|
|
|a vLex
|
| 090 |
|
|
|c 12409
|d 12409
|
| 100 |
1 |
|
|a Chavez Chaves, Diego Balvino
|
| 245 |
1 |
2 |
|a El riesgo de defender y liderar
|h [Recurso electrn̤ico] /
|c Diego Balvino Chavez Chaves, Carmen Andrea Becerra, Adriana Carolina Ordę̤z, aura Gabriela Rojas Lozano, Angie Lorena Triana Villalba, Ad̕a Marina Quilcu,̌ edro Juan Moreno Moreno, arolina Mosquera Vera, aniela Vargas Gm̤ez, Gustavo Přez, Mara̕ Camila Arias, aniela Da̕z, Luca̕ Baca, Mara̕ Paula Feliciano Acero, Alexandra Gonzl̀ez Zapata, Marcela Cabrera, aleria Mosquera, iguel Fernǹdez, hoe Nilson Sauca, duard Arturo Hoyos, scar Gerardo Salazar, Cristian Ral︢ Delgado Bolaǫs, Ramn̤ Hader Viveros Ortiz, Jos ̌David Ortega Ruiz, Guillermo A. Cardona Moreno, Hčtor Rodrg̕uez, Jos ̌Efran̕ Villamil, Alberto Yepes Palacio
|
| 256 |
|
|
|a Servicio en ln̕ea
|
| 260 |
|
|
|a Bogot:̀
|b Comisin̤ Colombiana de Juristas,
|c 2020
|
| 300 |
|
|
|a 1 recurso electrn̤ico
|
| 500 |
|
|
|a Pautas comunes y afectaciones diferenciales en las violaciones de los derechos humanos de las personas defensoras en Colombia.
|
| 506 |
1 |
|
|a Disponible solo en los productos indicados
|d vLex Global
|d vLex Global (Academic Edition, excluding Law Schools)
|d vLex Global (U.S. Academic Edition, Law Schools)
|d vLex Global (U.S. Academic Edition, excluding Law Schools)
|d vLex Global (Academic Edition, Law Schools)
|
| 650 |
0 |
4 |
|a Derecho Internacional
|z Colombia
|
| 700 |
1 |
|
|a Becerra, Carmen Andrea
|
| 700 |
1 |
|
|a Ordę̤z, Adriana Carolina
|
| 700 |
1 |
|
|a Rojas Lozano, Laura Gabriela
|
| 700 |
1 |
|
|a Triana Villalba, Angie Lorena
|
| 700 |
1 |
|
|a Quilcu,̌ Ad̕a Marina
|
| 700 |
1 |
|
|a Moreno Moreno, Pedro Juan
|
| 700 |
1 |
|
|a Mosquera Vera, Carolina
|
| 700 |
1 |
|
|a Vargas Gm̤ez, Daniela
|
| 700 |
1 |
|
|a Přez, Gustavo
|
| 700 |
1 |
|
|a Arias, Mara̕ Camila
|
| 700 |
1 |
|
|a Da̕z, Daniela
|
| 700 |
1 |
|
|a Baca, Luca̕
|
| 700 |
1 |
|
|a Acero, Mara̕ Paula Feliciano
|
| 700 |
1 |
|
|a Gonzl̀ez Zapata, Alexandra
|
| 700 |
1 |
|
|a Cabrera, Marcela
|
| 700 |
1 |
|
|a Mosquera, Valeria
|
| 700 |
1 |
|
|a Fernǹdez, Miguel
|
| 700 |
1 |
|
|a Nilson Sauca, Jhoe
|
| 700 |
1 |
|
|a Hoyos, Eduard Arturo
|
| 700 |
1 |
|
|a Salazar, Oscar Gerardo
|
| 700 |
1 |
|
|a Delgado Bolaǫs, Cristian Ral︢
|
| 700 |
1 |
|
|a Viveros Ortiz, Ramn̤ Hader
|
| 700 |
1 |
|
|a Ortega Ruiz, Jos ̌David
|
| 700 |
1 |
|
|a Cardona Moreno, Guillermo A.
|
| 700 |
1 |
|
|a Rodrg̕uez, Hčtor
|
| 700 |
1 |
|
|a Villamil, Jos ̌Efran̕
|
| 700 |
1 |
|
|a Yepes Palacio, Alberto
|
| 740 |
0 |
|
|a vLex Libros (Servicio en ln̕ea)
|
| 856 |
4 |
0 |
|u https://app.vlex.com/#/sources/35051
|z Acceso restringido
|
| 942 |
|
|
|c BOOK
|
| 999 |
0 |
|
|a International right
|